[Event "FRA-ch"]
[Site "Aix les Bains"]
[Date "2003.08.19"]
[Round "2"]
[White "Sokolov, Andrei"]
[Black "Bauer, Christian"]
[Result "1-0"]
[WhiteElo "2554"]
[BlackElo "2589"]
[Annotator "Ftacnik,L"]
[PlyCount "139"]
[EventDate "2003.08.18"]
[EventType "tourn"]
[EventRounds "11"]
[EventCountry "FRA"]
[EventCategory "13"]
[SourceTitle "CBM 097"]
[Source "ChessBase"]
[SourceDate "2003.11.11"]
[SourceVersion "1"]
[SourceVersionDate "2003.11.11"]
[SourceQuality "1"]

1. e4 c5 2. Nf3 Nc6 3. d4 cxd4 4. Nxd4 Nf6 5. Nc3 d6 6. Bc4 Qb6 7. Nb3 e6 8.
O-O Be7 9. Be3 Qc7 10. f4 a6 11. Bd3 b5 12. Qf3 Bb7 13. a4 b4 14. Ne2 g6 15.
Nd2 {Black's main worry is the weakness on b6 and of course the fighting set
up of white's pieces.} d5 16. e5 (16. exd5 Nxd5 17. Bf2 Rd8 $11) 16... Nd7 17.
Qf2 (17. Nd4 Nc5 18. N2b3 Nxb3 19. cxb3 Nxd4 20. Bxd4 Bc5 $11) 17... O-O 18.
Nf3 f6 19. Ned4 Nxd4 (19... Nc5 20. Nxc6 Qxc6 21. exf6 Nxd3 22. cxd3 Bxf6 23.
Bd4 $14) 20. Bxd4 (20. Nxd4 Nc5 21. Qg3 fxe5 22. fxe5 Rxf1+ 23. Rxf1 Rf8 $11)
20... Bc5 (20... fxe5 21. Nxe5 Nxe5 22. Bxe5 Qc6 23. a5 $14) 21. Rae1 Rae8 22.
exf6 (22. Qe3 Bxd4 23. Qxd4 Qc5 $11) 22... Rxf6 23. g3 {Sokolov enjoys
pleasant advantage due to the fixed nature of e6-d5 pawn structure.} (23. Ne5
Bxd4 (23... Nxe5 24. Bxc5 Nxd3 25. cxd3 g5 26. f5 $1 $16) 24. Qxd4 Nxe5 25.
Rxe5 a5 26. Rxd5 Rxf4 27. Rd7 Rxd4 28. Rxc7 Bd5 29. Rff7 $14) 23... Bxd4 24.
Qxd4 (24. Nxd4 Nb6 25. b3 e5 26. Qe3 e4 27. f5 Nd7 28. fxg6 Rxg6 $11) 24... Qc5
25. c3 (25. Re3 Qxd4 26. Nxd4 e5 27. fxe5 Rxe5 28. Rxe5 Rxf1+ 29. Kxf1 Nxe5 $11
) 25... bxc3 26. bxc3 Bc6 27. a5 $5 {Even without a pawns will white's chances
remain very good, defender is in for a long suffering.} (27. Ne5 Qxd4+ 28. cxd4
Nxe5 29. Rxe5 Bxa4 30. Bxa6 $14) 27... Qxa5 (27... Ra8 28. Ne5 Qxd4+ 29. cxd4
$14) 28. Ra1 Qc5 $6 (28... Qc7 29. Rxa6 Ra8 30. Rxa8+ Bxa8 31. Ra1 $14) 29.
Rxa6 Rc8 (29... Ra8 30. Rxa8+ Bxa8 31. Ne5 $1 Qxd4+ 32. cxd4 Nxe5 33. fxe5
Rxf1+ 34. Kxf1 $16) 30. Re1 Qxd4+ (30... Qf8 31. Ra7 $14) 31. cxd4 $1 {Sokolov
is getting rid of his main weakness and fixes the e6 pawn for good.} (31. Nxd4
Bb7 (31... Nc5 32. Nxc6 Nxd3 33. Rd1 Nc5 34. Ne7+ Kf8 35. Nxd5 Rf7 36. Nb6 Nxa6
37. Nxc8 Rc7 38. Rd8+ Kg7 39. Nd6 Rxc3 40. Rd7+ Kg8 41. Ne4 $16) 32. Ra7 Rxc3
33. Rxb7 Rxd3 34. Nxe6 Nf8 35. Nxf8 Kxf8 36. Rxh7 Rf7 37. Rxf7+ Kxf7 38. Kf2
$14) 31... Nb8 (31... Kg7 32. Rc1 Bb7 33. Rxc8 Bxc8 34. Rc6 Rf8 35. Rc7 $16)
32. Rc1 (32. Ra7 $16) 32... Rff8 (32... Nxa6 33. Bxa6 Rff8 (33... Rc7 34. Ne5
Bb7 35. Rxc7 Bxa6 36. Kf2 $16) 34. Bxc8 Rxc8 35. Ne5 Bb7 36. Rb1 Rc7 37. Rb6
Bc8 38. Kf2 $16) 33. Rb6 Ba4 (33... Bd7 34. Rxc8 Rxc8 35. Ne5 $16) 34. Ra1 (34.
Rxc8 Rxc8 35. Ng5 Bd7 36. Kf2 Nc6 37. Bb5 $16) 34... Bc2 35. Bxc2 Rxc2 36. Ne5
$5 {[%mdl 32] Domination in praxis, black knight on b8 is virtually trapped.} (
36. Rxe6 Nc6 37. Rd6 Nb4 38. Ng5 $16) 36... Rc7 (36... Re8 37. Ra7 $18) 37.
Rxe6 Rfc8 38. Kg2 Nc6 (38... Rc2+ 39. Kf3 Rxh2 40. Ra7 $18) 39. Nxc6 Rxc6 40.
Re5 (40. Rxc6 Rxc6 41. Ra5 Rd6 42. Ra8+ Kg7 43. Ra7+ Kg8 44. Kf3 $16) 40...
Rc2+ (40... Rd6 41. Ra7 $18) 41. Kh3 R8c7 {The problems with the 7th rank are
forcing black into giving up yet another pawn.} (41... Rd8 42. Ra7 Rc4 43. Ree7
$18) 42. Rxd5 Rd2 43. Ra8+ Kf7 44. f5 Kg7 (44... Rcc2 45. Ra7+ Kf6 46. Ra6+ Kf7
47. fxg6+ hxg6 48. Rd7+ Ke8 49. Rb7 Rxd4 50. Rxg6 $18) 45. fxg6 hxg6 46. Rd6
Kh7 (46... Rcc2 47. Kg4 Rxh2 48. Rd7+ Kf6 49. Ra6+ $18) 47. Re8 Rf7 48. Ree6
Rg7 49. Re4 g5 (49... Rf7 50. Rh4+ Kg7 51. Rg4 $18) 50. Rd5 Kh6 (50... g4+ 51.
Rxg4 Rxh2+ 52. Kxh2 Rxg4 53. Kh3 $18) 51. Kg4 Rxh2 52. Re6+ Kh7 53. Red6 Rg2
54. Rd7 (54. Rxg5 Rxg3+ 55. Kxg3 Rxg5+ 56. Kf4 Rg1 57. Re6 Kg7 58. d5 Kf7 59.
Ke5 Ra1 60. Kd4 $18) 54... Rxd7 55. Rxd7+ Kg6 56. Rd6+ Kg7 57. Rd7+ Kg6 58.
Rd6+ Kg7 59. Rd5 Kh6 60. Re5 (60. Rxg5 $2 Rxg3+ 61. Kxg3 Kxg5 $11) 60... Rd2
61. d5 Rd3 62. Kf5 $1 {The mobility of white's d pawn is already decisive.} (
62. Re6+ Kg7 63. Rd6 Kf7 $16) 62... Rxg3 63. d6 Rf3+ (63... Rd3 64. Ke6 Kh5 65.
d7 Rxd7 66. Kxd7 Kh4 67. Ke6 g4 68. Kf5 g3 69. Kf4 $18) 64. Ke6 Rf8 65. d7 Kh5
66. Kd6 Kh4 67. Re8 Rf1 68. d8=Q Rd1+ 69. Ke5 Rxd8 70. Rxd8 1-0

[Event "FRA-ch"]
[Site "Chartres"]
[Date "2005.08.18"]
[Round "4"]
[White "Apicella, Manuel"]
[Black "Bauer, Christian"]
[Result "0-1"]
[WhiteElo "2553"]
[BlackElo "2641"]
[Annotator "Ftacnik,L"]
[PlyCount "72"]
[EventDate "2005.08.15"]
[EventType "tourn"]
[EventRounds "11"]
[EventCountry "FRA"]
[EventCategory "13"]
[SourceTitle "CBM 109"]
[Source "ChessBase"]
[SourceDate "2005.11.14"]
[SourceVersion "1"]
[SourceVersionDate "2005.11.14"]
[SourceQuality "1"]

1. e4 c5 2. Nf3 Nc6 3. d4 cxd4 4. Nxd4 Nf6 5. Nc3 d6 6. Bc4 Qb6 7. Nb3 e6 8.
Be3 Qc7 9. f4 a6 10. Bd3 b5 11. Qf3 Bb7 12. O-O Be7 13. Rae1 Rc8 14. g4 Nd7 (
14... h6 15. Qg3 Na5 16. g5 hxg5 17. fxg5 Nd7 18. Qf2 Rf8 19. Bd4 e5 20. Be3
Nc4 21. Bc1 Qb6 {1/2-1/2 Skogvall,M (2125)-Glaser,A (1924)/Germany 2005/ (58)})
(14... d5 15. g5 dxe4 16. Nxe4 Nd5 17. Bc5 Ndb4 18. Bxe7 Nxe7 19. c3 Nxd3 20.
Qxd3 O-O 21. Qd6 Nf5 {1/2-1/2 Lev,A-Rodriguez Cespedes,A (2405)/Caracas 1976/ 
(38)}) 15. g5 Nb4 $1 {It makes a lot of sense for black to exchange the bishop
on d3 for the knight. The operation may slow down kingside attack and
potentially enhance the impact of the bishop b7.} 16. Qh3 (16. a3 Nxd3 17. cxd3
O-O $15) 16... Nxd3 17. cxd3 b4 18. Nd1 (18. Ne2 e5 (18... Qc2 $6 19. Na5 $1) (
18... Nc5 19. Nxc5 dxc5 20. g6 Bd6 21. f5 f6 22. gxh7 (22. fxe6 c4 $1) 22...
Qf7 23. Ng3 $14) 19. Ng3 Qd8 20. Nf5 Bf8 $13) 18... O-O (18... d5 19. g6 fxg6
20. Qxe6 dxe4 $15) 19. Nf2 {Apicella is following a slow conservative plan of
transferring the knight closer to the black's king. Bauer will have enough
time and possibilities to start counter attack on time.} (19. f5 $5 exf5 (19...
e5 20. f6 gxf6 21. gxf6 Nxf6 22. Bg5 $14) 20. exf5 Rfe8 (20... Qd8 21. g6 fxg6
22. fxg6 hxg6 23. Qe6+ $11) 21. g6 Nf6 22. gxf7+ Kxf7 23. Nd4 Qa5 $13) 19...
Qd8 20. Qg3 (20. Rc1 Rxc1 21. Rxc1 e5 22. Na5 Ba8 23. Nc6 Bxc6 24. Rxc6 exf4
25. Bxf4 Ne5 26. Rxa6 Bxg5 $15) 20... f5 21. Bd2 (21. gxf6 Bxf6 22. Re2 Qe7 $15
) 21... e5 {Black is eager to get breathing space for his pieces as white has
exposed his pawn structure.} (21... Rc2 22. Bxb4 Rxb2 $17) 22. h4 Rc2 23. exf5
Rxf5 24. Qh3 Rf7 (24... g6 $6 25. Ng4) 25. f5 (25. Ne4 Rxb2 26. fxe5 Nxe5 27.
Rxf7 Nxf7 $17) 25... Rxd2 $6 (25... Rxb2 $5 26. g6 hxg6 27. fxg6 Rf6 28. h5 (
28. Ng4 Rxg6 29. h5 Re6 $19) 28... Bd5 29. Ne4 Rxf1+ 30. Rxf1 Rxa2 31. h6 Nf8
32. hxg7 Nxg6 33. Qh5 Bf7 $19) 26. Nxd2 Bxg5 27. Nde4 (27. hxg5 Qxg5+ 28. Qg4
Qxd2 29. Re2 Qh6 30. Ne4 Nf6 $15) 27... Bxh4 28. Re2 $2 {White has every
reason to grab the opportunity for the tactical solution promising equality.
Apicella had to find the courage to calculate the consequences of the daring
28.Nxd6!} (28. Nxd6 $1 Qg5+ (28... Nc5 $2 29. Nxf7 Kxf7 30. f6 $18) 29. Kh2
Qf4+ 30. Kg1 Qh6 (30... Qg5+ $11) 31. Nfe4 Bxe4 32. Rxe4 (32. Nxf7 $2 Bf2+ $1
$19) 32... Bf2+ 33. Kg2 Qxd6 34. Rxf2 Nf6 $11) 28... Nc5 29. Ng4 (29. Nxc5 dxc5
30. Ne4 Bg5 31. Rff2 c4 32. dxc4 Bf4 $17) 29... Nxe4 30. dxe4 Bg5 31. Qb3 (31.
Rh2 Qb6+ 32. Nf2 Bxe4 33. Qxh7+ Kf8 $17) 31... Qb6+ (31... Bf4 32. Rg2 Qb6+ 33.
Kh1 d5 $17) 32. Kg2 (32. Nf2 Bf4 33. Rd1 d5 34. exd5 Bc8 35. d6 Bxf5 $17) 32...
h5 33. Qe6 $2 {The final mistake. In the difficult situation white is hoping
for the perpetual check, but it can be convincingly refuted.} (33. Nf2 Qb5 (
33... d5 34. exd5 Rxf5 35. Ne4 Bf4 36. d6+ Kh7 (36... Rf7 37. Rd1 Qd8 38. d7
Bc6 39. Kf1 $5 $13) 37. Qf3 Kh6 38. Rd1 Rg5+ 39. Nxg5 Bxf3+ 40. Nxf3 Qb5 41.
Re4 Qd7 $17) 34. Nd3 d5 35. a4 bxa3 36. Qxb5 axb5 37. bxa3 Rc7 38. Nxe5 dxe4
$17) 33... Qb5 $1 34. Ree1 hxg4 35. Rh1 Qd7 36. Qg6 (36. Qxd7 Rxd7 37. Kg3 d5
38. Kxg4 Bd2 39. Re2 dxe4 $19) 36... Qxf5 0-1

[Event "EU-Cup 18th"]
[Site "Kallithea"]
[Date "2002.09.27"]
[Round "6.6"]
[White "Karjakin, Sergey"]
[Black "Kozul, Zdenko"]
[Result "1-0"]
[WhiteElo "2523"]
[BlackElo "2588"]
[Annotator "Ftacnik,L"]
[PlyCount "73"]
[EventDate "2002.09.22"]
[EventType "team-swiss"]
[EventRounds "7"]
[EventCountry "GRE"]
[SourceTitle "CBM 092"]
[Source "ChessBase"]
[SourceDate "2003.02.06"]
[SourceVersion "1"]
[SourceVersionDate "2003.02.06"]
[SourceQuality "1"]
[WhiteTeam "Momot Alexander"]
[BlackTeam "Sarajevo Bosna"]
[WhiteTeamCountry "UKR"]
[BlackTeamCountry "BIH"]

1. e4 c5 2. Nf3 Nc6 3. d4 cxd4 4. Nxd4 Nf6 5. Nc3 d6 6. Bc4 Qb6 7. Nb3 e6 8.
O-O Be7 9. Bd3 a6 10. Be3 Qc7 11. f4 b5 12. Qf3 Rb8 13. Rae1 Nb4 14. Kh1 O-O
15. e5 (15. Rc1 e5 16. f5 d5 17. Nxd5 Nfxd5 18. exd5 Nxd5 19. c4 Nxe3 20. Qxe3
bxc4 21. Bxc4 Qd6 $11) 15... Nxd3 16. cxd3 Nd7 (16... Bb7 17. Qg3 Nd7 (17...
Nd5 $2 18. f5 $1 Kh8 (18... Nxe3 19. f6 Bxg2+ 20. Kg1 g6 21. Qxe3 Bxf1 22. Qh6
$18) 19. Bd4 $40) 18. Ne4) 17. Qg3 Bb7 18. Ne4 Qd8 $6 {[%mdl 8192] Second rate
solution, since the tactical threat of Bh4 is not very dangerous. Kozul had to
address the problems of the center with several exchanges.} (18... Bxe4 19.
dxe4 dxe5 20. fxe5 Rbc8 21. Bf4 Rfd8 22. Rc1 Qb7 23. Bh6 Bf8 $13) 19. Nxd6 $1
Bd5 (19... Bh4 20. Nxb7 Bxg3 (20... Rxb7 21. Qf3 Bxe1 22. Qxb7 $18) 21. Nxd8
Bxe1 22. Nc6 $1 $18) 20. Rc1 f5 (20... Bxd6 21. exd6 Bxb3 22. axb3 Qf6 23. Rc7
Rbd8 24. f5 $16) 21. Qe1 g5 (21... Bxd6 22. exd6 Qf6 23. Bd4 Qg6 24. Rf2 $14)
22. Nd4 $1 Rb6 $2 {Impatience in the worse position, Karjakin will gladly grab
the queen and the whole point.} (22... Bxd6 23. exd6 gxf4 24. Bxf4 Qf6 25. Nc6
Bxc6 26. Rxc6 $16) 23. Rc8 Qxc8 24. Nxc8 Rxc8 25. Ne2 Rb7 (25... Rbc6 26. Nc3
Bb4 27. Bd2 Bxc3 28. bxc3 $18) 26. fxg5 Nf8 (26... Nxe5 27. Nf4 Bxa2 28. Qa5
Bb3 29. Qxa6 Rbb8 30. Nxe6 $18) 27. Nf4 Bc6 (27... Bxa2 28. Qa5 Bb3 29. Qxa6
$18) 28. h4 Rd7 29. Qg3 Ng6 30. Nxe6 Rxd3 31. h5 f4 (31... Bd7 32. Nd4 f4 33.
Qf3 fxe3 34. hxg6 hxg6 35. Qd5+ $18) 32. Qg4 $1 {It is only natural, that
queen has more freedom to instigate harm for the enemy, black king is not a
happy man.} (32. Nxf4 Nxf4 33. Rxf4 Bd5 34. g6 $18) 32... fxe3 33. hxg6 e2 (
33... hxg6 34. Nc5 Rdd8 35. Qe6+ $18) 34. Qxe2 Rg3 35. Rf7 Bxg5 (35... Rxg2 36.
Rg7+ Kh8 37. Rxh7+ Kg8 38. Rg7+ Kh8 39. Qh5#) 36. Rg7+ Kh8 37. Rxh7+ (37. Rxh7+
Kg8 38. Rg7+ Kh8 39. Qh5+ $18) 1-0

[Event "Bundesliga 0102"]
[Site "Germany"]
[Date "2001.11.25"]
[Round "4.5"]
[White "Berg, Emanuel"]
[Black "Buhr, Carl Christian"]
[Result "1-0"]
[WhiteElo "2496"]
[BlackElo "2394"]
[Annotator "Ftacnik,L"]
[PlyCount "53"]
[EventDate "2001.10.06"]
[EventType "team-tourn"]
[EventRounds "15"]
[EventCountry "GER"]
[SourceTitle "CBM 087"]
[Source "ChessBase"]
[SourceDate "2002.03.21"]
[SourceVersion "1"]
[SourceVersionDate "2002.03.21"]
[SourceQuality "1"]
[WhiteTeam "Hamburger SK"]
[BlackTeam "Hamburg Koenigsspringer"]
[WhiteTeamCountry "GER"]
[BlackTeamCountry "GER"]

1. e4 c5 2. Nf3 Nc6 3. d4 cxd4 4. Nxd4 Nf6 5. Nc3 d6 6. Be3 e6 7. f4 Be7 8. Qf3
a6 9. Bd3 Qc7 10. O-O-O O-O 11. Kb1 Bd7 (11... Nxd4 12. Bxd4 e5 13. fxe5 dxe5
14. Qg3 Bd6 15. Be3 $14) 12. g4 Nxd4 (12... e5 13. Nf5 Bxf5 14. gxf5 exf4 15.
Bxf4 Ne5 16. Qg2 $14) 13. Bxd4 Bc6 $6 {This form of defense is way too slow
against the dangerous attack of white pieces, black had to test 13...e5!} (
13... e5 $1 14. fxe5 dxe5 (14... Bxg4 $2 15. Qg3 dxe5 16. Bxe5 Qc5 17. Nd5 Nxd5
18. exd5 f6 19. Bd4 (19. Qxg4 fxe5 20. Qh5 h6 21. Qg6 $18) 19... Qc8 20. Rhg1
h5 21. h3 $18) 15. Nd5 (15. Qg3 Bd6 16. Be3 Nxg4 17. Nd5 Qc6 18. Bb6 Be6 $13)
15... Nxd5 16. exd5 exd4 $1 (16... f5 17. Qe3 e4 (17... Bd6 18. Bb6 $16) 18.
Be2 Rac8 19. Qb3 $14) 17. Qe4 g6 18. Qxe7 Rae8 19. Qg5 f6 20. Qh6 Bxg4 21. d6
Qd7 22. Rd2 Re5 $15) 14. Qh3 e5 (14... Nd7 15. Nd5 exd5 16. exd5 g6 17. dxc6
bxc6 18. Rhe1 Rfe8 19. g5 $16) 15. Be3 exf4 (15... Qc8 16. f5 Nd7 (16... d5 $2
17. exd5 Nxd5 (17... Bxd5 18. g5 Bxh1 19. gxf6 Bxf6 20. Rxh1 $16) 18. Nxd5 Bxd5
19. f6 $18) 17. g5 $40) 16. Bxf4 g6 (16... Qc8 17. Rhg1 (17. Nd5 Bxd5 18. exd5
g6 $14) 17... Bd7 18. e5 $1 dxe5 (18... Bxg4 19. exf6 Bxh3 20. Rxg7+ Kh8 21.
Rxh7+ Kg8 22. Rg1+ Bg4 23. Nd5 $18) 19. Nd5 $18) (16... Nd7 $2 17. e5 $1 g6 18.
exd6 Bxd6 19. Bxg6 fxg6 20. Bxd6 $18) 17. Rhf1 b5 $2 (17... Rac8 18. Bh6 Rfe8
19. g5 Nd7 20. Rxf7 $1 Kxf7 21. Bc4+ d5 22. Nxd5 $18) (17... Nd7 $1 18. Rde1
Rac8 19. Nd5 Bxd5 20. exd5 $14) 18. Bh6 Rfe8 19. Bg5 $1 {Berg has made
everything right and black has no chance to prevent a disaster around his king.
} b4 (19... Nd7 20. Rxf7 $1 Kxf7 21. Qxh7+ Ke6 22. Qxg6+ Nf6 (22... Bf6 23. e5
$1 $18) 23. e5 $1 $18) (19... Qd8 20. e5 $1 Nd5 21. Rxf7 Kxf7 22. Qxh7+ Ke6 23.
Qxg6+ Kd7 24. Qf5+ Kc7 25. Nxd5+ Bxd5 26. exd6+ Qxd6 27. Bf4 $18) 20. Rxf6 (20.
Bc4 bxc3 21. Bxf7+ Kxf7 22. Qxh7+ Ke6 23. Rxf6+ Kd7 24. Rf7 Qd8 25. Qxg6 $16) (
20. Bxf6 Bxf6 21. Rxf6 bxc3 22. Bc4 Re7 23. Qxc3 Bxe4 24. Rfxd6 $16) 20... bxc3
(20... Bxf6 21. Bxf6 Re6 22. g5 h5 (22... bxc3 23. Qh6 $18) 23. Nd5 $18) 21.
Rxf7 $1 {[%mdl 128] The coordination of white pieces is impressive and the
whole attack is executed with elegance.} Kxf7 (21... h5 22. Bc4 d5 23. Qxc3
Kxf7 24. Rxd5 Kg8 25. Rf5+ $18) 22. Bc4+ d5 23. exd5 Red8 24. dxc6+ Ke8 25.
Bf7+ $1 Kxf7 26. Qxh7+ Ke6 27. Qxg6+ 1-0

[Event "RUS-ch 53rd"]
[Site "Samara"]
[Date "2000.06.20"]
[Round "4"]
[White "Ionov, Sergey"]
[Black "Yashtylov, Anatolij"]
[Result "0-1"]
[WhiteElo "2558"]
[BlackElo "2319"]
[Annotator "Ftacnik,L"]
[PlyCount "52"]
[EventDate "2000.06.03"]
[EventType "swiss"]
[EventRounds "11"]
[EventCountry "RUS"]
[SourceTitle "CBM 078"]
[Source "ChessBase"]
[SourceDate "2000.10.18"]
[SourceVersion "1"]
[SourceVersionDate "2000.10.18"]
[SourceQuality "1"]

1. e4 c5 2. Nf3 e6 3. d4 cxd4 4. Nxd4 Nf6 5. Nc3 d6 6. f4 Be7 7. Be3 O-O 8. Qf3
e5 9. Nf5 Bxf5 10. exf5 Nbd7 11. O-O-O Qa5 12. g4 (12. Bc4 Rac8 13. Bb3 Rxc3 $1
$8 (13... exf4 14. Qxf4 Nc5 15. Kb1 Nxb3 16. axb3 b5 17. b4 Qa6 18. g4 Rc4 19.
Rd4 Rfc8 20. g5 Qc6 21. Rhd1 Rxc3 22. bxc3 $16 {Howell,J-Lukin,A/Yaroslavl/
1990/1-0 (31)}) 14. bxc3 d5 $1 15. Kb1 $1 (15. Bd2 Rc8 16. Kb1 e4 $1 17. Qh3 h5
$1 18. c4 Qc7 19. cxd5 Bd6 $1 $44 {Agapov,K-Epishin,V/URS/1987/0-1 (40)}) 15...
Ne4 16. Bd2 $1 Nxd2+ 17. Rxd2 e4 18. Qe3 $1 Nb6 19. Rhd1 $16 {Tseitlin,
MS-Karpman,V/URS/1988/1-0 (24)}) (12. Nd5 Nxd5 13. Qxd5 Qxd5 14. Rxd5 Nf6 15.
Rb5 b6 16. Be2 exf4 17. Bxf4 d5 18. Bf3 Bc5 19. Rd1 Rad8 20. a4 Rfe8 21. a5 Ne4
22. Bc7 $14 {Ivanov,AV-Vehi Bach,V/Biel/1990/0.5 (43)}) (12. Qxb7 exf4 $1 13.
Bd4 Qxf5 14. Bd3 Qg5 $13) 12... Rac8 13. Bd2 (13. g5 Rxc3 14. gxf6 Rxe3 (14...
Nxf6 $1 15. bxc3 d5 $1 16. fxe5 (16. Kd2 d4 17. Bxd4 (17. Bg1 e4 18. Qh3 e3+
$17) 17... exd4 18. Ke1 (18. Bd3 Nd5 $17 {Kamsky,G-Sakaev,K/URS/1986/}) 18...
Nd5 19. h4 Nxc3 20. Rd3 Qxa2 21. Rh2 Qb1+ 22. Kf2 Bf6 23. Kg1 a5 24. h5 h6 25.
Rh1 a4 26. Kh2 a3 {0-1 Rubery,M-Kulashko,A/Elista/1998/ (26)}) 16... Qxc3 (
16... Ne4 17. Rd3 Qxa2 18. Kd1 Qb1+ 19. Ke2 Qxc2+ 20. Rd2 Nxc3+ 21. Kf2 Ne4+
22. Ke2 Nc3+ 23. Kf2 Ne4+ 24. Ke2 {1/2-1/2 Lakos,N-Nagy,E/Budapest/1999/ (24)})
17. Rd3 $8 Qa1+ 18. Kd2 Bb4+ 19. c3 Bxc3+ (19... Ne4+ $2 20. Ke2 Bxc3 21. Qf4
Bxe5 22. Qh4) 20. Rxc3 Ne4+ 21. Qxe4 dxe4 22. Bd4 $19 {Faas-Sakaev,K/URS/1987/
0-1 (25)}) 15. Qxe3 Bxf6 (15... Nxf6 16. Bc4 e4 $13) 16. Bc4 exf4 17. Qxf4 Nc5
18. Qf3 Qb4 19. Bb3 a5 20. c3 Nxb3+ 21. Kc2 Rc8 22. axb3 {1-0 Leko,P-Theissen,
H/Dortmund/1992/ (41)}) 13... e4 (13... d5 14. Kb1 d4 15. Ne4 Qc7 16. Nxf6+
Nxf6 17. Bd3 $40) 14. Qh3 (14. Qe2 d5 15. Kb1 (15. g5 $6 d4 16. gxf6 Nxf6 17.
Nxe4 Qxa2 $40) 15... Bb4 16. g5 Bxc3 $2 (16... e3 $142 $1 $8 17. Qxe3 Rfe8 $132
) 17. Bxc3 Rxc3 18. bxc3 $1 Nb6 19. Qb5 Qxb5+ 20. Bxb5 Ne8 $2 (20... Ng4 $5 21.
Rde1 a6 22. Be2 Ne3) 21. Bxe8 Rxe8 22. Rd4 $16 {1-0 Zarnicki,P-Sakaev,K/Moscow/
1994/ (44)}) 14... d5 15. g5 d4 (15... Ne8 16. f6 Nexf6 17. gxf6 Nxf6 18. Kb1
$1 (18. Rg1 d4 19. Nxe4 Qxa2 20. Nxf6+ Bxf6 21. Qa3 Rxc2+ $1 22. Kxc2 Rc8+ $19)
(18. Qf5 Qc5 19. Re1 e3 20. Rxe3 d4 21. Re5 dxc3 22. Bxc3 Qd6 23. Bg2 Rxc3 24.
bxc3 Qa3+ 25. Kb1 $14) 18... Qb6 19. Bg2 $16) 16. gxf6 (16. Kb1 dxc3 17. Bxc3
Rxc3 18. Qxc3 Qxc3 19. bxc3 Rc8 20. gxf6 Nxf6 $13) 16... Nxf6 (16... dxc3 17.
fxe7 cxd2+ 18. Rxd2 $18) 17. Nxe4 Qxa2 18. Nxf6+ Bxf6 (18... gxf6 19. c4 $18)
19. Qa3 (19. c4 Qa1+ 20. Kc2 d3+ 21. Kxd3 Qxd1 $19) 19... Rxc2+ $1 20. Kxc2
Rc8+ 21. Bc4 (21. Kd3 Qc4+ 22. Ke4 Qc6+ 23. Kd3 Qf3+ 24. Be3 Qxe3#) 21... d3+
$1 {[%mdl 128] This is the key move in the game, since the position was
already known form an older analyses, but the evaluation was wrong. Black now
wins in direct attack.} (21... Qxc4+ $2 22. Kb1 $18) 22. Kxd3 (22. Kc1 Rxc4+
23. Bc3 Rxc3+ 24. Qxc3 Bxc3 $19) 22... Qxc4+ 23. Ke3 Re8+ 24. Kf3 (24. Kf2 Qe2+
25. Kg1 Bd4+ $19) 24... Qe2+ 25. Kg3 h5 $1 26. Rhe1 (26. Qf3 Bh4+ 27. Kxh4 Qxf3
$19) 26... Bh4+ $1 (26... Bh4+ $1 27. Kxh4 Qg4#) 0-1

[Event "Leonid Stein Memorial-B"]
[Site "Lvov"]
[Date "2000.05.19"]
[Round "7"]
[White "Kazakov, Mikhail"]
[Black "Maksimenko, Andrei"]
[Result "1-0"]
[WhiteElo "2426"]
[BlackElo "2495"]
[Annotator "Ftacnik,L"]
[PlyCount "53"]
[EventDate "2000.05.12"]
[EventType "tourn"]
[EventRounds "10"]
[EventCountry "UKR"]
[EventCategory "10"]
[SourceTitle "CBM 077"]
[Source "ChessBase"]
[SourceDate "2000.07.27"]
[SourceVersion "1"]
[SourceVersionDate "2000.07.27"]
[SourceQuality "1"]

1. e4 c5 2. Nf3 d6 3. d4 cxd4 4. Nxd4 Nf6 5. Nc3 a6 6. f4 e6 7. Qf3 Qb6 8. Nb3
Qc7 9. g4 b5 10. g5 Nfd7 11. Bg2 (11. Bd3) 11... Bb7 12. O-O (12. a3 g6 13. h4
Bg7 14. h5 Rg8 15. Bd2 Nc5 16. hxg6 hxg6 17. Nxc5 Qxc5 18. O-O-O Nd7 19. Qd3 {
1-0 Aseev,K-Biriukov,O/St Petersburg/1999/ (40)}) 12... Nc6 13. Qh3 b4 (13...
Be7 14. g6 $1 fxg6 15. Qxe6 Nd8 16. Qh3 b4 17. Nd5 Bxd5 18. exd5 Qxc2 19. Re1
$14) 14. Ne2 e5 {Black is excluding white's knight from d5 and hopes for the
good position.} (14... Be7 15. c3 $5) 15. c3 $5 (15. a3 bxa3 16. Rxa3 Nb4 $13)
15... a5 (15... bxc3 16. Nxc3 Ne7 17. Be3 $14) 16. cxb4 axb4 (16... a4 17. b5 (
17. Na5 Nxa5 18. bxa5 Rxa5 19. Nc3 $14) 17... Nb4 18. Nd2 Qb6+ 19. Kh1 Nc2 20.
Rb1 Ne3 21. Rf3 exf4 22. Nxf4 Nxg2 23. Qxg2 Qxb5 24. b3 $14) 17. Be3 Ba6 (17...
h6 18. Rfc1 Nc5 $11) 18. Rf2 Bxe2 $2 {[%mdl 16384] This surprising exchange is
plain wrong, the bishop will be sorely missed from the black's queenside.} (
18... Nc5 $1 19. Nec1 exf4 20. Bxf4 Ne6 $11) 19. Rxe2 exf4 (19... Be7 20. f5
$14) 20. Bxf4 Nde5 (20... Nce5 21. Nd4 Qc4 22. Qe3 Rxa2 23. Rc1 Qa6 24. Rec2
Ra1 25. Bf1 $1 Rxc1 26. Qxc1 $16) 21. Rc2 Qb6+ (21... Qb7 22. Rac1 $1 $16) 22.
Be3 Qb7 23. Rac1 $1 Be7 (23... Rxa2 24. Rxc6 Nxc6 25. e5 Ra6 26. Na5 Qd7 27.
Bxc6 Rxc6 28. Qxd7+ Kxd7 29. Nxc6 $18) (23... Ra6 24. Nd4 $18) (23... Ne7 24.
Rc7 Qb5 25. Bf1 Qb8 26. Ba6 $1 $18) 24. Rxc6 $1 {The tactical punishment is
very severe, black is losing the house and shirt on the white squares.} Nxc6
25. e5 d5 (25... Rc8 26. Na5 $18) 26. Bxd5 Ra6 27. Na5 $1 1-0